1770 1265 1683 1331 1192 1202 1537 1875 1466 1904 1294 1410 1756 1303 1130 1750 1176 1645 1216 1461 1842 1850 1540 1642 1731 1725 1772 1345 1138 1082 1401 1169 1849 1436 1790 1473 1561 1009 1047 1105 1196 1805 1966 1497 1799 1373 1411 1778 1355 1324 1111 1777 1119 1772 1437 1946 1708 1603 1900 1778 1678 1900 1693 1349 1892 1194 1470 1674 1756 1756 1322 1827 1451 1704 1528 1049 1633 1295 1627 1375 1317 1521 1539 1376 1640 1487 1833 1992 1743 1635 1177 1477 1634 1136 1417 1779 1080 1522 1493 BCNSPRNW ULIB Ver.6.0+V

เปลี่ยนเป็นภาษาไทย

Change to English
 แสดงรายละเอียดบรรณานุกรม
  กลับหน้าหลัก

Brief Record : Get Marc (ISO 2709) : E-mail record : QR code < ปิดหน้าต่าง
LEADER : 00000nam 2200000uu 4500
001    13399124462
003     ULIB
008    150724s2557||||th 000 0 tha d
020    ^a9745863998
060    ^aQT4^bส356 ล.2
245 00 ^aสรีรวิทยา ฉบับปรับปรุงครั้งที่ 5/^cโดย คณาจารย์ภาควิชาสรีรวิทยา คณะวิทยาศาสตร์ มหาวิทยาลัยมหิดล
250    ^aฉบับปรับปรุง ครั้งที่ 5
260    ^aกรุงเทพฯ :^bภาควิชาสรีรวิทยา คณะวิทยาศาสตร์ มหาวิทยาลัยมหิดล,^c2557.
300    ^a257 หน้า :^bภาพประกอบ ;^c30 ซม.
650  7 ^aสรีรวิทยา
700 0  ^aบัวรอง ลิ่วเฉลิมวงศ์ บรรณาธิการ
710 2  ^aมหาวิทยาลัยมหิดล.^bคณะวิทยาศาสตร์.^bภาควิชาสรีรวิทยา
945    ^p0^l0^i039712
945    ^p0^l0^i039713
999    ^aเกษร โพธิ์สุวรรณ
รายการนี้ยังไม่มีแท็ก
คุณยังไม่ได้ล็อกอิน คุณสามารถมีกิจกรรมร่วมกับเว็บไซต์ได้ แต่ต้องล็อกอินก่อน ::
  ล็อกอิน

รายการสื่อสารสนเทศ

ลำดับที่ ประเภท เลขเรียก/บาร์โค้ด สถานที่ สถานะ
1. วิทยาศาสตร์การแพทย์ และสุขภาพ
หนังสือสำรอง
สถานะ=หนังสือสำรอง
QT4 ส356 ล.2 ฉ.1 
  Barcode: 039712
ห้องสมุดวิทยาเขตสวรรค์ประชารักษ์
►หนังสือทั่วไป
บนชั้น
2. วิทยาศาสตร์การแพทย์ และสุขภาพ
วิทยาศาสตร์การแพทย์ และสุขภาพ
สถานะ=หนังสือเก่า
QT4 ส356 ล.2 ฉ.2 
  Barcode: 039713
ห้องสมุดวิทยาเขตสวรรค์ประชารักษ์
►ส่วนจัดเก็บหนังสือเก่า สปร
บนชั้น
  ขอยืม

รายการใกล้เคียง
    หัวเรื่อง [สรีรวิทยา]

BibComment


ยังไม่เคยถูกคอมเมนท์

คอมเมนท์ทรัพยากรรายการนี้
  คอมเมนท์: สรีรวิทยา ฉบับปร..


 Copyright 2026. Bcnsprnw @Library